Central Library OPAC University of Rajshahi

اردو مثنوى شمالى ہند میں / Urdū mas̲navī shamālī Hind men̲ / (Record no. 86490)

MARC details
000 -LEADER
fixed length control field 00764nam a2200217 4500
001 - CONTROL NUMBER
control field 86490
003 - CONTROL NUMBER IDENTIFIER
rucl marc code BD-RjUL
005 - DATE AND TIME OF LATEST TRANSACTION
control field 20260517114830.0
008 - FIXED-LENGTH DATA ELEMENTS--GENERAL INFORMATION
fixed length control field 260517s1987 ii ||||| |||| 00| 0 urd d
035 ## - SYSTEM CONTROL NUMBER
System control number (BD-RjUL)86490
040 ## - CATALOGING SOURCE
Original cataloging agency BD-RjUL
Language of cataloging eng
Transcribing agency BD-RjUL
041 ## - LANGUAGE CODE
Language code of text/sound track or separate title urd
082 ## - DEWEY DECIMAL CLASSIFICATION NUMBER
Edition number 23
Classification number 891.439109
Author mark and year JAU 1987
100 ## - MAIN ENTRY--PERSONAL NAME
Personal name جین، گىان چند .,، / Jain, Giyān Chand
Dates associated with a name 1923-2007,
9 (RLIN) 18500
245 10 - TITLE STATEMENT
Title اردو مثنوى شمالى ہند میں / Urdū mas̲navī shamālī Hind men̲ /
Statement of responsibility, etc. گىان چند جین., ،/ Giyān Chand Jain,
260 ## - PUBLICATION, DISTRIBUTION, ETC. (IMPRINT)
Place of publication, distribution, etc. Hind, :
Name of publisher, distributor, etc. انجمن ترقىّ اردو ہند،, Anjuman Taraqqī-yi Urdū Hind,
Date of publication, distribution, etc. 1987
300 ## - PHYSICAL DESCRIPTION
Pagination V. ;
Size 18 cm
505 ## - FORMATTED CONTENTS NOTE
Formatted contents note Vol. 1.--
650 ## - SUBJECT ADDED ENTRY--TOPICAL TERM
Topical term or geographic name as entry element Urdu Literature
942 ## - ADDED ENTRY ELEMENTS (KOHA)
Source of classification or shelving scheme Dewey Decimal Classification
Koha item type Books
Holdings
Lost status Source of classification or shelving scheme Damaged status Not for loan Collection code Permanent Location Current Location Shelving location Date acquired Source of acquisition Cost, normal purchase price Total Checkouts Full call number Date last seen Copy number Koha item type
  Dewey Decimal Classification   Not For Loan Non-fiction Central Library, University of Rajshahi Central Library, University of Rajshahi Reading Room 10/08/1989 Karim Int, Dhaka 45.00   U 891.439109 JAU 1987 17/05/2026 C-1 Books